000 00742nam a2200169 a 4500
020 _a9264130519 (pbk.)
082 _a388.044
_bORG
_cD
245 0 0 _aTransporting hazardous goods by road :
_breport /
_cprepared by an OECD scientific experts group.
260 _aParis :
_bOrganisation for Economic Co-operation and Development ;
_aWashington, D.C. :
_bOECD Publications and Information Centre [distributor],
_c1988.
300 _a144 p. :
_bill. (some col.) ;
_c27 cm.
526 _a0
_b0
_c0
_d388_044000000000000_ORG
650 0 _aHazardous substances
_xTransportation.
_921578
650 0 _aMCE
_9379
650 0 _aTransportation, Automotive.
_921152
710 2 _aOrganisation for Economic Co-operation and Development.
_92909
942 _2ddc
_cBK
999 _c543097
_d543097